Pokémon by Picture - Letter F - Statistics

General Stats
  • This quiz has been taken 32 times
  • The average score is 13 of 15
Answer Stats
Picture Answer % Correct
Farfetch'd
100%
Fearow
100%
Feraligatr
97%
Flareon
93%
Feebas
90%
Flygon
83%
Furret
83%
Ferroseed
79%
Flaaffy
79%
Fletchling
79%
Finneon
76%
Floatzel
76%
Froslass
76%
Fidough
72%
Forretress
72%
No matching quizzes found
Score Distribution
Percent of People with Each Score
Percentile by Number Answered
Your Score History
You have not taken this quiz